VKP so železnými nervami extraliga volejbalistov - 4. kolo: STU a Dubová s výpraskami

Podrobná bibliografia
Médium: Článok
Jazyk:slovenčina
Fyzický popis:Tab.
ISSN:0139-7001
Predmet:

MARC

LEADER 00000nab a2200000 a 4500
001 vtls000851079
003 SK-MaSNL
005 20260302165113.0
008 180207c2003 xo 0 slo
015 |a SNBRB2003/11-31005 
035 |a CLN000202734 
040 |a SNKBUCL  |b slo  |c SNKBUCL  |e AACR2 
041 0 |a slo 
044 |a xo  |c SK 
080 |a 796.325.093.1  |2 UDC-MRF-SK2 
245 0 0 |a VKP so železnými nervami  |b extraliga volejbalistov - 4. kolo: STU a Dubová s výpraskami 
300 |b Tab. 
650 0 7 |a volejbal  |x muži  |x Extraliga  |x kolo 4.  |y sezóna 2003/2004  |2 snkbucl  |9 869140 
655 7 |a články z novín a časopisov  |2 snkbucl  |9 267496 
773 0 |x 0139-7001  |t Šport  |g Roč. 57, č. 247 (27.10.2003), s. 23 
850 |a Slovenská národná knižnica v Martine 
852 |a SNK  |b KIS3GCP 
958 |a RBX 
999 |c 1388905  |d 1390835